• 首页
  • 本馆介绍
  • 公告通知
  • 最新文献
  • 馆藏检索
  • 电子资源
  • 读者导购
  • 参考咨询
  • 我的图书馆
  • 登录
  • 详细信息显示
  • 放入我的书架
  • 预约/预借图书
  • 作者相关作品
  • 分类相关作品
  • 丛书相关作品
  • 出版社相关作品

书目信息

  • 表格格式
  • 工作单格式
  • 卡片格式
题名:
普希金小说集
    
 
作者: Пушкин , 普希金 著 ;冯春 译
分册:  
出版信息: 合肥   安徽人民出版社  1982
页数: 516页
开本: 21cm
丛书名:
单 册:
中图分类: I512.4
科图分类:
主题词: 文学
电子资源:
ISBN:
000 00827nam0 2200277 45
001 0182002681
005 20060912090719.04
010    @dCNY1.90
091    @a10102.965
100    @a19950630d1982 em y0chiy0121 ea
101 1  @achi@crus
102    @aCN@b340000
105    @af z 000ay
200 10 @a普希金小说集@Apu xi jin xiao shuo ji@f(俄)普希金(А.С. Пушкин)著@g冯春译
210    @a合肥@c安徽人民出版社@d1982
215    @a516页@c图@d21cm
300    @a书名原文:Романы и повести
510 1  @aРоманы и повести@zrus
606 0  @a文学
690    @aI512.4
701 A1 @aПушкин@bА.С.@4著
701  1 @a普希金@Apu xi jin@bА.С.@4著
702  0 @a冯春@Afeng chun@4译
801  0 @aCN@b上海图书馆@c20060912
801  2 @aCN@bNLC@c20060911
905    @f4@b89672-675@dI512.4@e107
    
    普希金小说集/(俄)普希金(А.С. Пушкин)著/冯春译.-合肥:安徽人民出版社,1982
    516页:图;21cm
    书名原文:Романы и повести
    
    ISBN :CNY1.90
    
●
相关链接 在E读中查询图书 在五车中查询图书 在当当中查询图书 在豆瓣中查询图书


正题名:普希金小说集     索取号:I512.4/107         预约/预借

序号 登录号 条形码 馆藏地/架位号 状态 备注
1 0089672   000695536   第二借阅区/ [索取号:I512.4/107] 在馆    
2 0089673   000695590   第二借阅区/ [索取号:I512.4/107] 在馆    
3 0089674   000695545   第二借阅区/ [索取号:I512.4/107] 在馆    
4 0089675   000695554   第二借阅区/ [索取号:I512.4/107] 在馆    
5 0089676   000695607   第一样本阅览室/ [索取号:I512.4/107] 在馆    
6 0475212   204752124   密集书库/ [索取号:I512.4/107] 在馆    
7 0475304   204753043   密集书库/ [索取号:I512.4/107] 在馆    
唐山师范学院图书馆 欢迎您!
大连网信软件有限公司© 版权所有